An American in Provence : art, life and ... Read More
Available copies
- 1 of 1 copy available at LARL/NWRL Consortium.
- 1 of 1 copy available at Lake Agassiz Regional Library. (Show preferred library)
Current holds
0 current holds with 1 total copy.
Show All Copies
| Location | Call Number / Copy Notes | Barcode | Shelving Location | Status | Due Date |
|---|---|---|---|---|---|
| Moorhead Public Library | 778.936 BEC (Text) | 33500013721436 | Main | Available | - |
Record details
- ISBN: 9781982186951
- ISBN: 198218695X
- Physical Description: 320 pages : illustrations ; 28 cm
- Edition: First Simon Element hardcover edition.
- Publisher: New York : Simon Element, 2022.
Content descriptions
| General Note: | Includes index. |
| Summary, etc.: | "Let Jamie Beck transport you to the South of ... Read More |
Search for related items by subject
| Genre: | Cookbook Cookbooks. |
| LDR | 03948cam a22007458i 4500 | ||
|---|---|---|---|
| 001 | 403080 | ||
| 003 | LARL_NWRL_CONSORTIUM | ||
| 005 | 20221219222827.0 | ||
| 008 | 220225s2022 nyu 001 0deng | ||
| 010 | . | ‡a 2022009781 | |
| 040 | . | ‡aDLC ‡beng ‡erda ‡cDLC ‡dOCLCO ‡dOCLCF ‡dLIQ ‡dUKMGB | |
| 015 | . | ‡aGBC2H6744 ‡2bnb | |
| 016 | 7 | . | ‡a020765988 ‡2Uk |
| 019 | . | ‡a1296675072 ‡a1296911502 | |
| 020 | . | ‡a9781982186951 | |
| 020 | . | ‡a198218695X | |
| 020 | . | ‡z9781982186975 ‡q(ebook) | |
| 035 | . | ‡a(OCoLC)1296944950 ‡z(OCoLC)1296675072 ‡z(OCoLC)1296911502 | |
| 042 | . | ‡apcc | |
| 043 | . | ‡ae-fr--- ‡an-us--- | |
| 082 | 0 | 0. | ‡a778.9/3609449 ‡223/eng/20220325 |
| 100 | 1 | . | ‡aBeck, Jamie, ‡d1984- ‡eauthor. |
| 245 | 1 | 3. | ‡aAn American in Provence : ‡bart, life and photography / ‡cJamie Beck. |
| 250 | . | ‡aFirst Simon Element hardcover edition. | |
| 264 | 1. | ‡aNew York : ‡bSimon Element, ‡c2022. | |
| 300 | . | ‡a320 pages : ‡billustrations ; ‡c28 cm | |
| 336 | . | ‡atext ‡btxt ‡2rdacontent | |
| 337 | . | ‡aunmediated ‡bn ‡2rdamedia | |
| 338 | . | ‡avolume ‡bnc ‡2rdacarrier | |
| 500 | . | ‡aIncludes index. | |
| 520 | . | ‡a"Let Jamie Beck transport you to the South of France with An American in Provence: part art book, part travelogue, part memoir, and part cookbook, and perfect for art lovers, Francophiles, and armchair travelers alike. An American in Provence is a beautiful collection of exquisite portrait, scenic, and still-life photography from wildly popular and award-winning photographer Jamie Beck. Looking to slow down from her fast-paced life in New York City, Beck moved to the French countryside documenting her life as "An American in Provence." What started as a one-year getaway became five as she continues to chronicle her life there through her photography on Instagram @JamieBeck.co, including the birth of her daughter, Eloise, all in the most breathtaking way. In An American in Provence, Beck shares her tips and techniques for creating incredible photos and details her transformational journey as an artist and woman. Beck also includes farm-to-table recipes she's learned along the way, including Braised Beef Stew, Spring Chicken with Herbs de Provence, Potatoes with Truffle Butter, and Lemon Meringue Tart. This stunning visual journey is sure to delight anyone who wishes to escape reality and immerse themselves in life in Provence"-- ‡cProvided by publisher. | |
| 650 | 0. | ‡aStill-life photography. ‡0(LARL_NWRL_CONSORTIUM)31915 | |
| 650 | 0. | ‡aPortrait photography. ‡0(LARL_NWRL_CONSORTIUM)28060 | |
| 650 | 0. | ‡aLandscape photography ‡zFrance ‡zProvence. | |
| 650 | 0. | ‡aPhotographers ‡zUnited States. ‡0(LARL_NWRL_CONSORTIUM)38954 | |
| 650 | 0. | ‡aPhotographers ‡xHomes and haunts ‡zFrance ‡vProvence. | |
| 600 | 1 | 0. | ‡aBeck, Jamie, ‡d1984- ‡xFamily. |
| 650 | 0. | ‡aCooking, French ‡xProvençal style. | |
| 651 | 0. | ‡aProvence (France) ‡xDescription and travel. ‡0(LARL_NWRL_CONSORTIUM)168776 | |
| 650 | 7. | ‡aCooking, French ‡xProvençal style. ‡2fast | |
| 650 | 7. | ‡aFamilies. ‡2fast ‡0(LARL_NWRL_CONSORTIUM)19934 | |
| 650 | 7. | ‡aLandscape photography. ‡2fast ‡0(LARL_NWRL_CONSORTIUM)28055 | |
| 650 | 7. | ‡aPhotographers. ‡2fast ‡0(LARL_NWRL_CONSORTIUM)28038 | |
| 650 | 7. | ‡aPortrait photography. ‡2fast ‡0(LARL_NWRL_CONSORTIUM)28060 | |
| 650 | 7. | ‡aStill-life photography. ‡2fast ‡0(LARL_NWRL_CONSORTIUM)31915 | |
| 650 | 7. | ‡aTravel. ‡2fast ‡0(LARL_NWRL_CONSORTIUM)32980 | |
| 651 | 7. | ‡aFrance. ‡2fast ‡0(LARL_NWRL_CONSORTIUM)178254 | |
| 651 | 7. | ‡aFrance ‡zProvence. ‡2fast | |
| 651 | 7. | ‡aUnited States. ‡2fast ‡0(LARL_NWRL_CONSORTIUM)54625 | |
| 655 | 2. | ‡aCookbook | |
| 655 | 7. | ‡aCookbooks. ‡2lcgft ‡0(LARL_NWRL_CONSORTIUM)175846 | |
| 905 | . | ‡uvanderl | |
| 901 | . | ‡a403080 ‡b ‡c403080 ‡tbiblio ‡soclc | |

Add to basket
Permalink
Disable Highlighting